00509cam a22001812 4500001001100000005001700011008004100028020001700069040001500086100003200101245005800133250001300191260003300204300001700237650003600254700003400290852000300324000002495620151217152307.0140402s xx 000 0 eng d a1907816567 : aKABUcKABU1 aHeir, Mandip K.@000018529910aEmergency imaging /cMandip K. Heir, Ram Vaidhyanath. a1st ed. aLondon :bJP Medical,c2013. axii, 208 p. 0aDiagnostic imaging.@00001853001 aVaidhyanath, Ram.@00001853011